Представление документа в формате RUSMARC

ПолеНазваниеЗначение
  Тип записи a
  Библиографический уровень a
001 Контрольный номер 7166745dc95b48868a18e86b86b221f4
005 Дата корректировки 20260410144437.5
100 Данные общей обработки __
a Данные общей обработки 20260410 ||| 0rusy0189 ca
101 Язык документа 0_
a Язык текста rus
102 Страна публикации __
a Страна публикации RU
200 Заглавие и сведения об ответственности 1_
a Заглавие Киста Бейкера
e Сведения, относящиеся к заглавию [о заболевании, симптомы, диагностика, лечение, профилактические упражнения]
f Первые сведения об ответственности Т. Малеева
461 Уровень набора _0
1 2000
a Будь здоров!
463 Уровень физической единицы _0
1 2000
a № 3
v С. 32-37 : фот.
1 2101
d 2026
1 001d8537e6f1b71483e9c9b4afe055373dc
606 Тематические рубрики 0_
a Основная рубрика Болезни, их предупреждение и лечение
610 Ключевые слова 0_
a Ключевые слова заболевания коленей, киста Бейкера, подколенные кисты, коленные суставы, лечение кисты Бейкера, профилактические упражнения
686 Индексы других классификаций __
a Классификационный индекс 57
700 Автор _1
a Фамилия Малеева
b Имя (инициалы) Т.
g Полное личное имя Татьяна
801 Источник записи _0
a Страна RU
b Организация УОБДЮ
c Дата составления 20260410
g Правила каталогизации RCR
801 Источник записи _1
a Страна RU
b Организация УОБДЮ
c Дата составления 20260410
g Правила каталогизации RCR
901 Тип документа __
t Тип документа b
w Контрольный № источника d8537e6f1b71483e9c9b4afe055373dc
905 Данные по созданию БЗ __
b Логин пользователя, который создал БЗ ibo3